000 00472nam a2200193Ia 4500
003 GCL
008 140319s9999 xx 000 0 eng d
040 _aGCL /
_cGCL
082 0 4 _a78.92
_bL B
100 1 _aLANDON, H.C.
245 1 0 _aBEETHOVEN: HIS LIFE, WORK AND WORLD /
_cLANDON, H.C.
260 _a[S.N] :
_bTHAMES AND HUDSON ،
_c1992
300 _a248
650 0 4 _aARTS
650 0 4 _aMUSIC
650 0 4 _aBEETHOVEN
650 0 4 _aBIOGRAPHIES
942 _2ddc
_cBK
999 _c17397
_d17397